| 000 | 00366nam a2200145Ia 4500 | ||
|---|---|---|---|
| 008 | 240624s9999 xx 000 0 und d | ||
| 041 | _aeng | ||
| 082 | _a658.4012 FRY | ||
| 100 | _aFRYNAS J GEORGE | ||
| 245 | _aGLOBAL STRATEGIC MANAGEMENT | ||
| 250 | _a(2nd ed.) | ||
| 260 |
_c2012 _aNew Delhi _bOxford |
||
| 300 | _axxix, : 422 : p. : cm. ; 26 | ||
| 365 |
_cRS _b31 |
||
| 999 |
_c24833 _d24833 |
||